Succubus on top #2 / Richelle Mead.
Available copies
- 1 of 1 copy available at LARL/NWRL Consortium.
Current holds
0 current holds with 1 total copy.
Show Only Available Copies
| Location | Call Number / Copy Notes | Barcode | Shelving Location | Status | Due Date |
|---|---|---|---|---|---|
| Roseau Public Library | MEA (Text) | 35500005981327 | Main | Available | - |
Record details
- ISBN: 9780758216427
- ISBN: 0758216424
- Physical Description: 340 p. ; 21 cm.
- Publisher: New York : Kensington Books, 2008.
Content descriptions
| Summary, etc.: | It seems completely unfair that a she-demon whose ... Read More |
Search for related items by subject
| Subject: | Succubi > Fiction. Bookstores > Employees > Fiction. Demonology > Fiction. Romance fiction. Seattle (Wash.) > Fiction. |
Search for related items by series
| LDR | 01045cam a2200301 a 4500 | ||
|---|---|---|---|
| 001 | 273730 | ||
| 003 | LARL_NWRL_CONSORTIUM | ||
| 005 | 20171214145614.0 | ||
| 008 | 080801s2008 nyu 000 1 eng d | ||
| 010 | . | ‡a2008298494 | |
| 020 | . | ‡a9780758216427 ‡q(trade pbk.) | |
| 020 | . | ‡a0758216424 ‡q(trade pbk.) | |
| 035 | . | ‡a(OCoLC)176917673 | |
| 040 | . | ‡aBTCTA ‡beng ‡cBTCTA ‡dDLC ‡dBAKER ‡dOCO ‡dUKM ‡dABG ‡dILC ‡dVP@ ‡dYDXCP ‡dCQU ‡dBDX ‡dEYP ‡dOCLCF ‡dOCLCO ‡dGZD | |
| 042 | . | ‡alccopycat | |
| 043 | . | ‡an-us-wa | |
| 082 | 0 | 0. | ‡a813/.6 ‡222 |
| 100 | 1 | . | ‡aMead, Richelle. ‡0(LARL_NWRL_CONSORTIUM)197197 |
| 245 | 1 | 0. | ‡aSuccubus on top ‡n#2 / ‡cRichelle Mead. |
| 260 | . | ‡aNew York : ‡bKensington Books, ‡c2008. | |
| 300 | . | ‡a340 p. ; ‡c21 cm. | |
| 490 | 0 | . | ‡aGeorgina Kincaid ; ‡v2 |
| 520 | . | ‡aIt seems completely unfair that a she-demon whose purpose is seduction can't get hot and heavy with the one mortal who knows and accepts her for what she is. | |
| 650 | 0. | ‡aSuccubi ‡vFiction. | |
| 650 | 0. | ‡aBookstores ‡xEmployees ‡vFiction. | |
| 650 | 0. | ‡aDemonology ‡vFiction. ‡0(LARL_NWRL_CONSORTIUM)168972 | |
| 650 | 0. | ‡aRomance fiction. ‡0(LARL_NWRL_CONSORTIUM)29934 | |
| 651 | 0. | ‡aSeattle (Wash.) ‡vFiction. ‡0(LARL_NWRL_CONSORTIUM)167255 | |
| 901 | . | ‡a273730 ‡b ‡c273730 ‡tbiblio | |

Add to basket
Permalink
Enable Highlighting